000 00652nam a2200205 a 4500
003 BD-DhJNU
005 20250826043610.0
008 800724s1980 cau b 001 0 eng
020 _a0804710449
040 _aBD-DhJNU
_bENG
_cBD-DhJNU
_dBD-DhJNU
082 0 0 _a951.055 LIR
_223
100 1 _aLieberthal, Kenneth
245 1 0 _aRevolution and tradition in Tientsin, 1949-1952 /
_cKenneth G. Lieberthal
260 _aStanford, Calif. :
_bStanford University Press,
_c1980.
300 _aviii, 231 p. ;
_c23 cm.
500 _aIncludes index.
504 _aBibliography: p. [217]-225.
651 0 _aTianjin (China)
_xPolitics and government.
942 _cBK
999 _c2026
_d2026